Opodstatnenie zdanenia pri spravodlivom rozdeľovaní vytvorenej hodnoty z pohľadu Davida Ricarda

Analýza, či niekdy bolo a v súčasnosti je zdanenie spravodlivé. Hľadanie faktorov rozdelenia spoločnosťou vytvorenej hodnoty. Pohľad britského ekonóma Davida Ricarda.

Guardado en:
Detalles Bibliográficos
Autor principal: Zubaľová, Alena, 1959-
Formato: Capítulo de libro
Lenguaje:eslovaco
Materias:
Etiquetas: Agregar Etiqueta
Sin Etiquetas, Sea el primero en etiquetar este registro!

MARC

LEADER 00000naa a2200000 4500
001 0257338
005 20260205072427.6
041 0 |a slo 
044 |a SK 
245 1 0 |a Opodstatnenie zdanenia pri spravodlivom rozdeľovaní vytvorenej hodnoty z pohľadu Davida Ricarda  |c Alena Zubaľová 
520 |a Analýza, či niekdy bolo a v súčasnosti je zdanenie spravodlivé. Hľadanie faktorov rozdelenia spoločnosťou vytvorenej hodnoty. Pohľad britského ekonóma Davida Ricarda. 
610 2 0 |a zdaňovanie 
610 2 0 |a spravodlivosť daňová 
610 2 0 |a hodnota pridaná 
610 2 0 |a rozdeľovanie 
610 2 0 |a spoločnosť 
100 1 |a Zubaľová, Alena, 1959-